[Event "DVM U12 2023"]
[Site "Magdeburg GER"]
[Date "2023.12.28"]
[Round "3"]
[White "Li, Joshua"]
[Black "Meijers, Janis"]
[Result "0-1"]
[Termination "normal"]
[Board "6.2"]
[WhiteElo "1368"]
[BlackElo "1418"]
[WhiteClock "00:33:42"]
[BlackClock "00:35:48"]
[WhiteTeam "USG Chemnitz"]
[BlackTeam "SG Solingen"]
[PlyCount "132"]
[WhiteFideId "34623639"]
[BlackFideId "34143289"]
[EventCountry "GER"]
[EventRounds "7"]
[EventType "team-swiss"]
[EventDate "2023.12.26"]

1. e4 {[%clk 01:30:59]} {[%emt 00:00:01]} c6 {[%clk 01:30:53]} {[%emt
00:00:07]} 2. d4 {[%clk 01:31:27]} {[%emt 00:00:02]} d5 {[%clk 01:31:18]}
{[%emt 00:00:05]} 3. Nc3 {[%clk 01:31:54]} {[%emt 00:00:03]} dxe4 {[%clk
01:31:37]} {[%emt 00:00:11]} 4. Nxe4 {[%clk 01:32:19]} {[%emt 00:00:05]} Nf6
{[%clk 01:32:00]} {[%emt 00:00:08]} 5. Nxf6+ {[%clk 01:32:46]} {[%emt
00:00:03]} exf6 {[%clk 01:32:12]} {[%emt 00:00:17]} 6. c3 {[%clk 01:33:09]}
{[%emt 00:00:06]} Bd6 {[%clk 01:32:02]} {[%emt 00:00:40]} 7. Bd3 {[%clk
01:33:33]} {[%emt 00:00:06]} O-O {[%clk 01:29:33]} {[%emt 00:03:00]} 8. Qc2
{[%clk 01:32:51]} {[%emt 00:01:12]} Re8+ {[%clk 01:27:31]} {[%emt 00:02:33]} 9.
Ne2 {[%clk 01:32:26]} {[%emt 00:00:54]} g6 {[%clk 01:24:46]} {[%emt 00:03:15]}
10. h4 {[%clk 01:30:49]} {[%emt 00:02:08]} f5 {[%clk 01:18:01]} {[%emt
00:07:15]} 11. h5 {[%clk 01:29:18]} {[%emt 00:02:01]} Be6 {[%clk 01:09:40]}
{[%emt 00:08:51]} 12. Bh6 {[%clk 01:26:46]} {[%emt 00:03:03]} g5 {[%clk
01:01:16]} {[%emt 00:08:54]} 13. Bxf5 {[%clk 01:26:59]} {[%emt 00:00:16]} Qf6
{[%clk 01:01:17]} {[%emt 00:00:29]} 14. Bxh7+ {[%clk 01:25:47]} {[%emt
00:01:43]} Kh8 {[%clk 01:01:34]} {[%emt 00:00:13]} 15. Bg6 {[%clk 00:42:25]}
{[%emt 00:43:51]} fxg6 {[%clk 01:00:56]} {[%emt 00:01:09]} 16. hxg6 {[%clk
00:41:19]} {[%emt 00:01:37]} Kg8 {[%clk 01:01:01]} {[%emt 00:00:24]} 17. g7
{[%clk 00:37:56]} {[%emt 00:03:53]} Bf5 {[%clk 00:58:43]} {[%emt 00:02:48]} 18.
Qb3+ {[%clk 00:36:48]} {[%emt 00:01:39]} Qe6 {[%clk 00:50:11]} {[%emt
00:09:02]} 19. Qxe6+ {[%clk 00:36:12]} {[%emt 00:01:06]} Rxe6 {[%clk 00:50:31]}
{[%emt 00:00:10]} 20. Kd2 {[%clk 00:36:16]} {[%emt 00:00:26]} Nd7 {[%clk
00:49:02]} {[%emt 00:01:59]} 21. d5 {[%clk 00:30:31]} {[%emt 00:06:15]} Ree8
{[%clk 00:34:00]} {[%emt 00:15:31]} 22. dxc6 {[%clk 00:28:12]} {[%emt
00:02:49]} bxc6 {[%clk 00:34:11]} {[%emt 00:00:19]} 23. f3 {[%clk 00:25:13]}
{[%emt 00:03:29]} Rab8 {[%clk 00:28:24]} {[%emt 00:06:18]} 24. b3 {[%clk
00:23:45]} {[%emt 00:01:58]} Be5 {[%clk 00:24:08]} {[%emt 00:04:46]} 25. Rh5
{[%clk 00:22:40]} {[%emt 00:01:35]} Re6 {[%clk 00:17:14]} {[%emt 00:07:24]} 26.
Rah1 {[%clk 00:15:21]} {[%emt 00:07:50]} Bg6 {[%clk 00:15:25]} {[%emt
00:02:18]} 27. Rxg5 {[%clk 00:14:46]} {[%emt 00:01:05]} Rd8 {[%clk 00:07:50]}
{[%emt 00:08:05]} 28. Kc1 {[%clk 00:14:10]} {[%emt 00:01:07]} Bd3 {[%clk
00:07:03]} {[%emt 00:01:17]} 29. Nd4 {[%clk 00:10:48]} {[%emt 00:03:53]} Bf4+
{[%clk 00:05:45]} {[%emt 00:01:48]} 30. Kb2 {[%clk 00:09:24]} {[%emt 00:01:54]}
Rxh6 {[%clk 00:06:03]} {[%emt 00:00:11]} 31. Rxh6 {[%clk 00:04:40]} {[%emt
00:05:15]} Bxg5 {[%clk 00:05:54]} {[%emt 00:00:39]} 32. Rh8+ {[%clk 00:05:01]}
{[%emt 00:00:09]} Kxg7 {[%clk 00:06:03]} {[%emt 00:00:21]} 33. Rxd8 {[%clk
00:05:23]} {[%emt 00:00:07]} Bxd8 {[%clk 00:06:22]} {[%emt 00:00:11]} 34. Ne6+
{[%clk 00:05:49]} {[%emt 00:00:04]} Kf6 {[%clk 00:06:17]} {[%emt 00:00:36]} 35.
Nxd8 {[%clk 00:06:02]} {[%emt 00:00:17]} Nb8 {[%clk 00:06:25]} {[%emt
00:00:20]} 36. Nb7 {[%clk 00:04:47]} {[%emt 00:01:45]} Bf1 {[%clk 00:06:19]}
{[%emt 00:00:38]} 37. g3 {[%clk 00:04:51]} {[%emt 00:00:26]} Be2 {[%clk
00:06:41]} {[%emt 00:00:08]} 38. f4 {[%clk 00:04:31]} {[%emt 00:00:49]} Kf5
{[%clk 00:06:50]} {[%emt 00:00:21]} 39. Nd6+ {[%clk 00:01:11]} {[%emt
00:03:50]} Ke6 {[%clk 00:06:29]} {[%emt 00:00:51]} 40. Ne4 {[%clk 00:01:14]}
{[%emt 00:00:27]} Kf5 {[%clk 00:06:38]} {[%emt 00:00:21]} 41. Nf2 {[%clk
00:01:28]} {[%emt 00:00:16]} Nd7 {[%clk 00:06:31]} {[%emt 00:00:37]} 42. c4
{[%clk 00:01:28]} {[%emt 00:00:30]} c5 {[%clk 00:05:33]} {[%emt 00:01:29]} 43.
Kc3 {[%clk 00:01:42]} {[%emt 00:00:15]} a5 {[%clk 00:05:28]} {[%emt 00:00:35]}
44. a3 {[%clk 00:01:13]} {[%emt 00:01:00]} Nb6 {[%clk 00:05:49]} {[%emt
00:00:09]} 45. Kd2 {[%clk 00:00:48]} {[%emt 00:00:56]} Bh5 {[%clk 00:02:23]}
{[%emt 00:03:53]} 46. g4+ {[%clk 00:00:32]} {[%emt 00:00:49]} Bxg4 {[%clk
00:02:44]} {[%emt 00:00:08]} 47. Nxg4 {[%clk 00:00:58]} {[%emt 00:00:04]} Kxg4
{[%clk 00:03:09]} {[%emt 00:00:05]} 48. Ke3 {[%clk 00:01:23]} {[%emt 00:00:04]}
Kf5 {[%clk 00:03:32]} {[%emt 00:00:07]} 49. Kf3 {[%clk 00:01:04]} {[%emt
00:00:49]} Nd7 {[%clk 00:03:31]} {[%emt 00:00:30]} 50. Ke3 {[%clk 00:00:58]}
{[%emt 00:00:37]} Nf6 {[%clk 00:03:41]} {[%emt 00:00:20]} 51. b4 {[%clk
00:00:32]} {[%emt 00:00:56]} axb4 {[%clk 00:02:44]} {[%emt 00:01:27]} 52. axb4
{[%clk 00:00:47]} {[%emt 00:00:15]} cxb4 {[%clk 00:03:07]} {[%emt 00:00:07]}
53. Kd3 {[%clk 00:01:05]} {[%emt 00:00:12]} Ne4 {[%clk 00:03:09]} {[%emt
00:00:28]} 54. Kc2 {[%clk 00:29:28]} {[%emt 00:02:06]} Nc5 {[%clk 00:33:30]}
{[%emt 00:00:09]} 55. Kb2 {[%clk 00:29:44]} {[%emt 00:00:14]} Kxf4 {[%clk
00:33:49]} {[%emt 00:00:12]} 56. Kc2 {[%clk 00:30:05]} {[%emt 00:00:08]} Ke4
{[%clk 00:34:12]} {[%emt 00:00:08]} 57. Kb2 {[%clk 00:30:26]} {[%emt 00:00:08]}
Kd4 {[%clk 00:34:26]} {[%emt 00:00:16]} 58. Kc2 {[%clk 00:30:52]} {[%emt
00:00:04]} Kxc4 {[%clk 00:34:40]} {[%emt 00:00:17]} 59. Kb2 {[%clk 00:31:12]}
{[%emt 00:00:10]} Na4+ {[%clk 00:34:44]} {[%emt 00:00:21]} 60. Kb1 {[%clk
00:31:33]} {[%emt 00:00:13]} b3 {[%clk 00:35:01]} {[%emt 00:00:14]} 61. Ka1
{[%clk 00:31:59]} {[%emt 00:00:04]} b2+ {[%clk 00:35:07]} {[%emt 00:00:25]} 62.
Ka2 {[%clk 00:32:09]} {[%emt 00:00:20]} Kb4 {[%clk 00:34:50]} {[%emt 00:00:47]}
63. Kb1 {[%clk 00:32:29]} {[%emt 00:00:09]} Kc3 {[%clk 00:35:12]} {[%emt
00:00:09]} 64. Ka2 {[%clk 00:32:54]} {[%emt 00:00:05]} Kc2 {[%clk 00:35:24]}
{[%emt 00:00:19]} 65. Ka3 {[%clk 00:33:16]} {[%emt 00:00:07]} b1=Q {[%clk
00:35:39]} {[%emt 00:00:15]} 66. Kxa4 {[%clk 00:33:42]} {[%emt 00:00:05]} Qb6
{[%clk 00:35:48]} {[%emt 00:00:20]} 0-1

[Event "DVM U12 2023"]
[Site "Magdeburg GER"]
[Date "2023.12.28"]
[Round "3"]
[White "Shivkumar, Shreyas"]
[Black "Uhlig, Silas"]
[Result "1-0"]
[Termination "normal"]
[Board "6.3"]
[WhiteElo "1405"]
[BlackElo "1443"]
[WhiteClock "01:22:26"]
[BlackClock "00:53:56"]
[WhiteTeam "SG Solingen"]
[BlackTeam "USG Chemnitz"]
[PlyCount "65"]
[WhiteFideId "34638407"]
[BlackFideId "34651837"]
[EventCountry "GER"]
[EventRounds "7"]
[EventType "team-swiss"]
[EventDate "2023.12.26"]

1. e4 {[%clk 01:30:50]} {[%emt 00:00:09]} c5 {[%clk 01:30:56]} {[%emt
00:00:04]} 2. Nf3 {[%clk 01:31:12]} {[%emt 00:00:09]} Nc6 {[%clk 01:31:24]}
{[%emt 00:00:02]} 3. Bb5 {[%clk 01:31:12]} {[%emt 00:00:29]} e6 {[%clk
01:31:40]} {[%emt 00:00:14]} 4. Bxc6 {[%clk 01:31:31]} {[%emt 00:00:12]} bxc6
{[%clk 01:32:03]} {[%emt 00:00:07]} 5. Nc3 {[%clk 01:31:31]} {[%emt 00:00:30]}
d5 {[%clk 01:32:14]} {[%emt 00:00:19]} 6. O-O {[%clk 01:31:32]} {[%emt
00:00:29]} Bd6 {[%clk 01:32:20]} {[%emt 00:00:23]} 7. d3 {[%clk 01:31:44]}
{[%emt 00:00:19]} Bb7 {[%clk 01:32:08]} {[%emt 00:00:43]} 8. Bg5 {[%clk
01:31:56]} {[%emt 00:00:17]} f6 {[%clk 01:32:30]} {[%emt 00:00:08]} 9. Bd2
{[%clk 01:31:52]} {[%emt 00:00:31]} h5 {[%clk 01:31:56]} {[%emt 00:01:06]} 10.
Re1 {[%clk 01:31:35]} {[%emt 00:00:47]} Qd7 {[%clk 01:30:51]} {[%emt 00:01:35]}
11. Qe2 {[%clk 01:31:11]} {[%emt 00:00:49]} O-O-O {[%clk 01:29:47]} {[%emt
00:01:40]} 12. a3 {[%clk 01:30:35]} {[%emt 00:01:07]} g5 {[%clk 01:29:34]}
{[%emt 00:00:42]} 13. b4 {[%clk 01:30:43]} {[%emt 00:00:23]} g4 {[%clk
01:29:46]} {[%emt 00:00:18]} 14. Nh4 {[%clk 01:30:37]} {[%emt 00:00:36]} Ne7
{[%clk 01:19:33]} {[%emt 00:10:43]} 15. Na4 {[%clk 01:29:50]} {[%emt 00:01:17]}
c4 {[%clk 01:09:52]} {[%emt 00:10:10]} 16. dxc4 {[%clk 01:28:30]} {[%emt
00:01:50]} dxc4 {[%clk 01:09:16]} {[%emt 00:01:06]} 17. Qxc4 {[%clk 01:28:02]}
{[%emt 00:00:58]} f5 {[%clk 01:05:01]} {[%emt 00:04:45]} 18. e5 {[%emt
00:03:25]} Bc7 {[%clk 01:05:10]} {[%emt 00:00:19]} 19. Nc5 {[%clk 01:22:24]}
{[%emt 00:03:15]} Qd5 {[%clk 01:03:01]} {[%emt 00:02:39]} 20. Qxd5 {[%clk
01:21:47]} {[%emt 00:01:07]} Rxd5 {[%emt 00:00:33]} 21. Bg5 {[%emt 00:00:22]}
Bxe5 {[%emt 00:00:33]} 22. Rxe5 {[%emt 00:00:21]} Rxe5 {[%emt 00:00:05]} 23.
Bxe7 {[%emt 00:00:14]} Rg8 {[%clk 00:59:50]} {[%emt 00:01:34]} 24. Kf1 {[%clk
01:21:33]} {[%emt 00:00:44]} Kc7 {[%clk 00:55:20]} {[%emt 00:05:01]} 25. c4
{[%clk 01:21:40]} {[%emt 00:00:23]} Bc8 {[%clk 00:53:50]} {[%emt 00:02:00]} 26.
Bf6 {[%clk 01:21:34]} {[%emt 00:00:36]} Rxc5 {[%clk 00:53:18]} {[%emt
00:01:01]} 27. bxc5 {[%clk 01:22:02]} {[%emt 00:00:02]} f4 {[%clk 00:53:08]}
{[%emt 00:00:39]} 28. Be5+ {[%clk 01:22:08]} {[%emt 00:00:25]} Kd8 {[%clk
00:53:15]} {[%emt 00:00:23]} 29. Rd1+ {[%clk 01:22:19]} {[%emt 00:00:19]} Ke7
{[%clk 00:53:32]} {[%emt 00:00:12]} 30. Bxf4 {[%clk 01:22:35]} {[%emt
00:00:15]} Ba6 {[%clk 00:53:43]} {[%emt 00:00:19]} 31. Rd4 {[%clk 01:22:17]}
{[%emt 00:00:36]} Kf6 {[%clk 00:53:38]} {[%emt 00:00:48]} 32. g3 {[%clk
01:22:05]} {[%emt 00:00:41]} Rb8 {[%clk 00:53:56]} {[%emt 00:00:12]} 33. Bxb8
{[%clk 01:22:26]} {[%emt 00:00:10]} 1-0

[Event "DVM U12 2023"]
[Site "Magdeburg GER"]
[Date "2023.12.28"]
[Round "3"]
[White "Müller, Stefan"]
[Black "Meijers, Jaroslav"]
[Result "0-1"]
[Termination "normal"]
[Board "6.4"]
[WhiteElo "1313"]
[BlackElo "1104"]
[WhiteClock "01:18:23"]
[BlackClock "01:20:34"]
[WhiteTeam "USG Chemnitz"]
[BlackTeam "SG Solingen"]
[PlyCount "66"]
[WhiteFideId "34667270"]
[BlackFideId "34143297"]
[EventCountry "GER"]
[EventRounds "7"]
[EventType "team-swiss"]
[EventDate "2023.12.26"]

1. e4 {[%clk 01:30:56]} {[%emt 00:00:04]} c5 {[%clk 01:30:43]} {[%emt
00:00:18]} 2. Nf3 {[%clk 01:31:18]} {[%emt 00:00:07]} e6 {[%clk 01:31:06]}
{[%emt 00:00:07]} 3. d4 {[%clk 01:31:37]} {[%emt 00:00:12]} cxd4 {[%clk
01:31:19]} {[%emt 00:00:17]} 4. Nxd4 {[%clk 01:31:47]} {[%emt 00:00:19]} Nf6
{[%clk 01:31:35]} {[%emt 00:00:14]} 5. Nc3 {[%clk 01:32:01]} {[%emt 00:00:15]}
Nc6 {[%clk 01:31:55]} {[%emt 00:00:10]} 6. Nf3 {[%clk 01:32:13]} {[%emt
00:00:19]} Bb4 {[%clk 01:29:01]} {[%emt 00:03:25]} 7. a3 {[%clk 01:32:07]}
{[%emt 00:00:34]} Bxc3+ {[%clk 01:28:36]} {[%emt 00:00:55]} 8. bxc3 {[%clk
01:32:13]} {[%emt 00:00:25]} Nxe4 {[%clk 01:27:29]} {[%emt 00:01:38]} 9. Qd3
{[%clk 01:29:57]} {[%emt 00:02:45]} d5 {[%clk 01:26:36]} {[%emt 00:01:23]} 10.
c4 {[%clk 01:29:33]} {[%emt 00:00:53]} Qa5+ {[%clk 01:23:23]} {[%emt 00:03:43]}
11. Bd2 {[%clk 01:28:53]} {[%emt 00:01:09]} Nxd2 {[%clk 01:23:10]} {[%emt
00:00:44]} 12. Nxd2 {[%clk 01:29:01]} {[%emt 00:00:22]} dxc4 {[%clk 01:20:23]}
{[%emt 00:03:17]} 13. Qxc4 {[%clk 01:28:19]} {[%emt 00:01:11]} Qe5+ {[%clk
01:20:18]} {[%emt 00:00:36]} 14. Be2 {[%clk 01:26:40]} {[%emt 00:02:09]} Qxa1+
{[%clk 01:19:49]} {[%emt 00:00:59]} 15. Bd1 {[%clk 01:26:54]} {[%emt 00:00:15]}
Qe5+ {[%clk 01:19:42]} {[%emt 00:00:37]} 16. Be2 {[%clk 01:27:11]} {[%emt
00:00:13]} Nd4 {[%clk 01:19:25]} {[%emt 00:00:47]} 17. Kf1 {[%clk 01:24:37]}
{[%emt 00:03:04]} Nxe2 {[%clk 01:19:19]} {[%emt 00:00:36]} 18. Qxe2 {[%clk
01:24:44]} {[%emt 00:00:23]} Qxe2+ {[%clk 01:19:40]} {[%emt 00:00:09]} 19. Kxe2
{[%clk 01:24:57]} {[%emt 00:00:17]} O-O {[%clk 01:19:57]} {[%emt 00:00:13]} 20.
Re1 {[%clk 01:25:00]} {[%emt 00:00:27]} b6 {[%clk 01:20:05]} {[%emt 00:00:23]}
21. Kf1 {[%clk 01:24:44]} {[%emt 00:00:45]} Rd8 {[%clk 01:20:00]} {[%emt
00:00:35]} 22. Nb3 {[%clk 01:23:43]} {[%emt 00:01:29]} Ba6+ {[%clk 01:20:14]}
{[%emt 00:00:18]} 23. Kg1 {[%clk 01:23:43]} {[%emt 00:00:29]} Rac8 {[%clk
01:20:29]} {[%emt 00:00:15]} 24. h3 {[%clk 01:22:13]} {[%emt 00:02:01]} Rxc2
{[%clk 01:20:35]} {[%emt 00:00:24]} 25. Re4 {[%clk 01:22:03]} {[%emt 00:00:39]}
Rd1+ {[%clk 01:20:28]} {[%emt 00:00:38]} 26. Kh2 {[%clk 01:22:11]} {[%emt
00:00:22]} Rxf2 {[%clk 01:20:46]} {[%emt 00:00:12]} 27. Re3 {[%clk 01:21:35]}
{[%emt 00:01:05]} Bb7 {[%clk 01:20:55]} {[%emt 00:00:21]} 28. Rg3 {[%clk
01:21:38]} {[%emt 00:00:27]} Rff1 {[%clk 01:21:11]} {[%emt 00:00:15]} 29. Rc3
{[%clk 01:21:12]} {[%emt 00:00:56]} h5 {[%clk 01:19:31]} {[%emt 00:02:10]} 30.
h4 {[%clk 01:20:54]} {[%emt 00:00:49]} Rf4 {[%clk 01:19:41]} {[%emt 00:00:20]}
31. Re3 {[%clk 01:18:45]} {[%emt 00:02:38]} Rxh4+ {[%clk 01:19:50]} {[%emt
00:00:22]} 32. Kg3 {[%clk 01:18:57]} {[%emt 00:00:17]} Rg4+ {[%clk 01:20:13]}
{[%emt 00:00:08]} 33. Kh2 {[%clk 01:18:23]} {[%emt 00:01:04]} Rxg2+ {[%clk
01:20:34]} {[%emt 00:00:09]} 0-1

[Event "DVM U12 2023"]
[Site "Magdeburg GER"]
[Date "2023.12.28"]
[Round "3"]
[White "Vinogradov, Ilia"]
[Black "Meitzner, Jonathan Franz"]
[Result "1/2-1/2"]
[Termination "normal"]
[Board "7.1"]
[WhiteElo "1583"]
[BlackElo "1409"]
[WhiteClock "00:03:14"]
[BlackClock "00:26:55"]
[WhiteTeam "SV 1947 Walldorf"]
[BlackTeam "1. Eichsfelder SC"]
[PlyCount "119"]
[WhiteFideId "34603166"]
[BlackFideId "34616110"]
[EventCountry "GER"]
[EventRounds "7"]
[EventType "team-swiss"]
[EventDate "2023.12.26"]

1. e4 {[%clk 01:30:57]} {[%emt 00:00:02]} c5 {[%clk 01:30:50]} {[%emt
00:00:11]} 2. Nf3 {[%clk 01:31:20]} {[%emt 00:00:07]} e6 {[%clk 01:31:04]}
{[%emt 00:00:15]} 3. d4 {[%clk 01:31:42]} {[%emt 00:00:09]} cxd4 {[%clk
01:31:25]} {[%emt 00:00:10]} 4. Nxd4 {[%clk 01:32:05]} {[%emt 00:00:06]} Nc6
{[%clk 01:31:31]} {[%emt 00:00:24]} 5. Be3 {[%clk 01:32:05]} {[%emt 00:00:29]}
Nf6 {[%clk 01:29:45]} {[%emt 00:02:17]} 6. Nd2 {[%clk 01:23:31]} {[%emt
00:09:04]} Be7 {[%clk 01:28:06]} {[%emt 00:02:09]} 7. Bd3 {[%clk 01:20:42]}
{[%emt 00:03:20]} O-O {[%clk 01:27:58]} {[%emt 00:00:38]} 8. O-O {[%clk
01:19:26]} {[%emt 00:01:46]} Ne5 {[%clk 01:25:23]} {[%emt 00:03:04]} 9. h3
{[%clk 01:08:25]} {[%emt 00:11:31]} b6 {[%clk 01:22:27]} {[%emt 00:03:27]} 10.
Be2 {[%clk 00:57:22]} {[%emt 00:11:32]} Bb7 {[%clk 01:21:18]} {[%emt 00:01:40]}
11. f4 {[%clk 00:54:26]} {[%emt 00:03:26]} Nc6 {[%clk 01:21:16]} {[%emt
00:00:32]} 12. Nxc6 {[%clk 00:50:22]} {[%emt 00:04:34]} Bxc6 {[%clk 01:20:24]}
{[%emt 00:01:22]} 13. Bf3 {[%clk 00:47:19]} {[%emt 00:03:33]} Qc7 {[%clk
01:19:01]} {[%emt 00:01:51]} 14. e5 {[%clk 00:39:39]} {[%emt 00:08:12]} Nd5
{[%clk 01:17:48]} {[%emt 00:01:43]} 15. Bxd5 {[%clk 00:38:05]} {[%emt
00:02:04]} Bxd5 {[%clk 01:18:07]} {[%emt 00:00:11]} 16. Nf3 {[%clk 00:36:26]}
{[%emt 00:02:08]} Rac8 {[%clk 01:14:38]} {[%emt 00:03:58]} 17. c3 {[%clk
00:35:56]} {[%emt 00:01:01]} Rfd8 {[%clk 01:12:31]} {[%emt 00:01:53]} 18. Qc2
{[%clk 00:29:49]} {[%emt 00:07:21]} h6 {[%clk 01:06:27]} {[%emt 00:06:34]} 19.
a3 {[%clk 00:27:24]} {[%emt 00:02:55]} d6 {[%clk 01:05:57]} {[%emt 00:00:59]}
20. exd6 {[%clk 00:26:25]} {[%emt 00:01:29]} Bxd6 {[%clk 01:06:09]} {[%emt
00:00:18]} 21. Nd4 {[%clk 00:25:31]} {[%emt 00:01:24]} Bc5 {[%clk 01:05:35]}
{[%emt 00:01:02]} 22. Kh1 {[%clk 00:24:40]} {[%emt 00:01:24]} Bxd4 {[%clk
01:05:37]} {[%emt 00:00:28]} 23. Bxd4 {[%clk 00:24:50]} {[%emt 00:00:19]} Bb7
{[%clk 01:03:01]} {[%emt 00:03:05]} 24. Be5 {[%clk 00:24:01]} {[%emt 00:01:20]}
Qc6 {[%clk 01:02:57]} {[%emt 00:00:34]} 25. Rad1 {[%clk 00:23:41]} {[%emt
00:00:50]} Kh8 {[%clk 00:55:20]} {[%emt 00:08:08]} 26. Bd4 {[%clk 00:18:51]}
{[%emt 00:05:20]} Qb5 {[%clk 00:52:08]} {[%emt 00:03:37]} 27. Qf2 {[%clk
00:15:14]} {[%emt 00:04:12]} Qh5 {[%clk 00:49:13]} {[%emt 00:03:23]} 28. Qg3
{[%clk 00:12:57]} {[%emt 00:02:48]} f6 {[%clk 00:49:07]} {[%emt 00:00:35]} 29.
Qg4 {[%clk 00:11:34]} {[%emt 00:01:54]} Qb5 {[%clk 00:34:34]} {[%emt 00:14:56]}
30. b4 {[%clk 00:09:23]} {[%emt 00:02:49]} Kh7 {[%clk 00:26:03]} {[%emt
00:09:00]} 31. Qg3 {[%clk 00:06:11]} {[%emt 00:03:41]} Rf8 {[%clk 00:23:38]}
{[%emt 00:02:56]} 32. Qe1 {[%clk 00:03:40]} {[%emt 00:03:00]} e5 {[%clk
00:23:30]} {[%emt 00:00:39]} 33. fxe5 {[%clk 00:03:31]} {[%emt 00:00:39]} fxe5
{[%clk 00:22:22]} {[%emt 00:01:37]} 34. Rxf8 {[%clk 00:02:48]} {[%emt
00:01:14]} Rxf8 {[%clk 00:22:43]} {[%emt 00:00:10]} 35. Be3 {[%clk 00:01:53]}
{[%emt 00:01:24]} Qc6 {[%clk 00:22:05]} {[%emt 00:01:08]} 36. Qd2 {[%clk
00:01:57]} {[%emt 00:00:26]} Qe4 {[%clk 00:20:28]} {[%emt 00:02:06]} 37. Qd3
{[%clk 00:01:35]} {[%emt 00:00:53]} Rc8 {[%clk 00:19:53]} {[%emt 00:01:02]} 38.
Qxe4+ {[%clk 00:01:43]} {[%emt 00:00:24]} Bxe4 {[%clk 00:20:11]} {[%emt
00:00:12]} 39. Rc1 {[%clk 00:01:47]} {[%emt 00:00:26]} Rd8 {[%clk 00:20:14]}
{[%emt 00:00:28]} 40. Kg1 {[%clk 00:00:49]} {[%emt 00:01:28]} Rd3 {[%clk
00:19:24]} {[%emt 00:01:19]} 41. Bf2 {[%clk 00:13:47]} {[%emt 00:17:32]} Bc6
{[%clk 00:48:41]} {[%emt 00:01:13]} 42. Re1 {[%clk 00:12:45]} {[%emt 00:01:32]}
e4 {[%clk 00:47:49]} {[%emt 00:01:23]} 43. Bd4 {[%clk 00:12:25]} {[%emt
00:00:50]} Kg6 {[%clk 00:46:01]} {[%emt 00:02:17]} 44. a4 {[%clk 00:11:23]}
{[%emt 00:01:34]} Rd2 {[%clk 00:42:58]} {[%emt 00:03:32]} 45. Re3 {[%clk
00:08:05]} {[%emt 00:03:49]} Rd3 {[%clk 00:41:41]} {[%emt 00:01:47]} 46. b5
{[%clk 00:05:12]} {[%emt 00:03:22]} Bd5 {[%clk 00:39:57]} {[%emt 00:02:14]} 47.
Rxd3 {[%clk 00:02:56]} {[%emt 00:02:46]} exd3 {[%clk 00:40:16]} {[%emt
00:00:11]} 48. Kf2 {[%clk 00:02:50]} {[%emt 00:00:35]} d2 {[%clk 00:38:29]}
{[%emt 00:02:18]} 49. Ke2 {[%clk 00:03:13]} {[%emt 00:00:08]} Bxg2 {[%clk
00:37:09]} {[%emt 00:01:50]} 50. h4 {[%clk 00:03:03]} {[%emt 00:00:39]} Kf7
{[%clk 00:32:20]} {[%emt 00:05:19]} 51. Kxd2 {[%clk 00:02:55]} {[%emt
00:00:38]} g5 {[%clk 00:30:20]} {[%emt 00:02:29]} 52. hxg5 {[%clk 00:02:50]}
{[%emt 00:00:36]} hxg5 {[%clk 00:30:41]} {[%emt 00:00:08]} 53. a5 {[%clk
00:02:45]} {[%emt 00:00:36]} bxa5 {[%clk 00:30:37]} {[%emt 00:00:35]} 54. Bxa7
{[%clk 00:03:00]} {[%emt 00:00:15]} Ke7 {[%clk 00:29:51]} {[%emt 00:01:05]} 55.
Bg1 {[%clk 00:02:45]} {[%emt 00:00:54]} Kd6 {[%clk 00:29:52]} {[%emt 00:00:29]}
56. Kc2 {[%clk 00:02:58]} {[%emt 00:00:18]} Bf1 {[%clk 00:26:46]} {[%emt
00:03:36]} 57. Kb2 {[%clk 00:02:45]} {[%emt 00:00:44]} Bxb5 {[%clk 00:26:44]}
{[%emt 00:00:31]} 58. Ka1 {[%clk 00:02:59]} {[%emt 00:00:16]} Kd5 {[%clk
00:26:40]} {[%emt 00:00:34]} 59. Ka2 {[%clk 00:03:14]} {[%emt 00:00:15]} Bc4+
{[%clk 00:26:55]} {[%emt 00:00:15]} 60. Ka1 {[%emt 00:00:23]} 1/2-1/2